Statistics for Provincial Capitals of the Later Roman Empire with a Map

Click here to take the quiz!

General Stats

  • This quiz has been taken 865 times
    (732 since last reset)
  • The average score is 30 of 118

Answers on the Map

Answers color-coded by a green-red scale on the quiz's map according to % correct below.
 

Answer Stats

ProvincesCapital% Correct
Britannia ILondinium
(London)
93%
AegyptusAlexandria
79%
CampaniaNeapolis
(Naples)
79%
Africa ZeugitanaCarthago
69%
Liguria et AemiliaMediolanum
(Milan)
68%
Alpes CottiaeGenua
(Genoa)
66%
Aquitania IIBurdigala
(Bordeaux)
63%
Lugdunensis ILugdunum
(Lyon)
63%
SiciliaSyracusae
(Syracuse)
63%
BaeticaHispalis
(Seville)
60%
Tuscia et UmbriaFlorentia
(Florence)
59%
Maxima CaesariensisEboracum
(York)
58%
Macedonia IThessalonica
(Thessaloniki)
58%
Galatia IAncyra
(Ankara)
56%
ViennensisVienna
(Vienne)
54%
SardiniaCaralis
(Cagliari)
52%
BalearicaPalma
52%
AchaeaCorinthus
(Corinth)
51%
Germania IIColonia Agrippina
(Cologne)
50%
Dacia MediterraneaSerdica
(Sofia)
49%
Mauretania TingitanaTingis
(Tangier)
47%
Flaminia et PicenumRavenna
44%
InsulaeRhodes
44%
Germania IArgentoratum
(Strasbourg)
39%
Coele SyriaAntioch
(Antakya)
38%
HaemimontusHadrianopolis
(Edirne)
38%
PisidiaAntioch
(Yalvaç)
37%
Apulia et CalabriaTarentum
(Taranto)
36%
Belgica IAugusta Treverorum
(Trier)
33%
CarthaginensisCarthago Nova
(Cartagena)
33%
DardaniaScupi
(Skopje)
33%
Lucania et BrutiiRhegium
(Reggio di Calabria)
32%
Lugdunensis IIRotomagus
(Rouen)
32%
TarraconensisTarraco
(Tarragona)
32%
Syria PhoeniceTyrus
(Tyre)
32%
Cappadocia ICaesarea
(Kayseri)
29%
Narbonensis INarbo
(Narbonne)
29%
Epirus NovaDyrrhachium
(Durrës)
28%
Flavia CaesariensisLindum
(Lincoln)
28%
ThraciaPhilippopolis
(Plovdiv)
28%
Raetia IIAugusta Vindelicorum
(Augsburg)
27%
Palaestina IIIPetra
27%
Lugdunensis IIITuronum
(Tours)
27%
Mauretania CaesariensisCaesarea
(Cherchell)
26%
Palaestina ICaesarea Maritima
(Caesarea)
26%
Belgica IIDurocortorum
(Reims)
26%
AsiaEphesus
(Selçuk)
26%
Noricum RipenseIuvavum
(Salzburg)
26%
Scythia MinorTomis
(Constanța)
26%
Britannia IIGlevum
(Gloucester)
25%
LycaoniaIconium
(Konya)
25%
ThessaliaLarissa
25%
Narbonensis IIAquae Sextiae
(Aix-en-Provence)
24%
NumidiaConstantina
(Constantine)
23%
BithyniaNicomedia
(İzmit)
23%
PraevalitanaDoclea
(Podgorica)
22%
LusitaniaEmerita Augusta
(Mérida)
20%
TripolitanaLepcis Magna
(Al-Khums)
20%
CyprusConstantia
(Famagusta)
19%
Africa ByzacenaHadrumetum
(Sousse)
19%
Cilicia ITarsus
19%
Venetia et HistriaAquileia
18%
GallaeciaBracara Augusta
(Braga)
18%
SamniumBeneventum
(Benevento)
17%
OsrhoeneEdessa
(Urfa)
17%
Epirus VetusNicopolis
(Preveza)
14%
DalmatiaSalona
(Solin)
14%
Pannonia IISirmium
(Sremska Mitrovica)
14%
Armenia MaiorTheodosiopolis
(Erzurum)
14%
Aquitania IAvaricum
(Bourges)
12%
LydiaSardis
(Sart)
12%
Valeria SabinaSpoletum
(Spoleto)
12%
SequaniaVesontio
(Besançon)
12%
MesopotamiaAmida
(Diyarbakır)
11%
CretaGortyna
(Gortyn)
11%
EuropaHeraclea
(Marmara Ereğlisi)
11%
Armenia ISebastea
(Sivas)
11%
Valeria RipensisSopianae
(Pécs)
11%
PamphyliaPerga
(Aksu)
10%
Libya SuperiorPtolemais
(Tolmeita)
10%
ThebaisPtolemais Hermiou
(El Mansha)
10%
CorsicaAleria
9%
ArabiaBostra
(Busra al-Sham)
9%
HonoriasClaudiopolis
(Bolu)
9%
HellespontusCyzicus
(Erdek)
9%
Armenia IIMelitene
(Malatya)
9%
Libya InferiorParaetonium
(Mersa Matruh)
9%
AugustamnicaPelusium
9%
IsauriaSeleucia
(Silifke)
9%
Picenum SuburbicariumAsculum
(Ascoli Piceno)
8%
LyciaMyra
(Demre)
8%
Palaestina IIScythopolis
(Beit She'an)
8%
Lugdunensis IVSenones
(Sens)
8%
HelenopontusAmaseia
(Amasya)
7%
Raetia ICuria
(Chur)
7%
EuphratensisHierapolis
(Manbij)
7%
Phrygia ILaodicea
(Eskihisar)
7%
Alpes Poeninae et GraiaeOctodurus
(Martigny)
7%
ArcadiaOxyrhynchus
7%
Pannonia ISavaria
(Szombathely)
7%
SaviaSiscia
(Sisak)
7%
Moesia IViminacium
(Kostolac)
7%
CariaAphrodisias
(Geyre)
6%
NovempopulaniaElusa
(Eauze)
6%
PaphlagoniaGangra
(Çankırı)
6%
Moesia IIMarcianopolis
(Devnya)
6%
Pontus PolemoniacusNeocaesarea
(Niksar)
6%
Dacia RipensisRatiaria
(Archar)
6%
Mauretania SitifensisSetifis
6%
Macedonia IIStobi
(Gradsko)
6%
Phrygia IISynnada
(Şuhut)
6%
RhodopeTrajanopolis
(Traianoupoli)
6%
Noricum MediterranumVirunum
(Magdalensberg)
6%
Cilicia IIAnazarbus
5%
SatrapiaeArsamosata
5%
Alpes MaritimaeEbrodunum
(Embrun)
5%
Galatia IIPessinus
(Ballıhisar)
5%
Cappadocia IITyana
(Kemerhisar)
5%

Score Distribution

Percentile by Number Answered

Percent of People with Each Score

Your Score History

You have not taken this quiz since the last reset